000 00625nam a2200181Ia 4500
008 090630s9999 xx 000 0 und d
082 _b11954
100 _aगोगटे शकुंतला.
245 _aमृगजळाची तहान.
_cगोगटे शकुंतला.
260 _bवसंत बुक.
_c1992
300 _a142
600 _aगोगटे शकुंतला.
630 _aमृगजळाची तहान.
655 _aलघुकथा.
700 _aगोगटे शकुंतला.
730 _aमृगजळाची तहान.
942 _cBOOK
999 _c263810
_d263810